00867cam a2200205 a 450000100100000000500170001000800410002702000150006804000300008308200210011310000370013424501440017126001210031530000340043650400420047065000310051265000250054371000450056871000480061300001188520200929162614.0980918s1998 pn ab b 001 0cspa  a9962890101 aDO-SdBNPbspacDLCdBNPHU a500.97287bH448n1 aHeckadon-Moreno, Stanley.b1943-10aNaturalistas de Istmo de Panamá :bun siglo de historia natural sobre el puente biológico de las Américas /cStanley Heckadon-Moreno. aPanamá :bInstituto Smithsonian de Investigaciones Tropicales,bFundación Santillana para Iberoamérica,c1998. a215 p. :bil., maps ;c21 cm. aIncluye referencias bibliográficas. 4aHistoria naturalzPanamá 4aNaturistaszPanamá2 aSmithsonian Tropical Research Institute.2 aFundación Santillana para Iberoamérica.